Τα παιδιά του Σπάρτακου

Αποθηκεύτηκε σε:
Λεπτομέρειες βιβλιογραφικής εγγραφής
Κύριος συγγραφέας: Σωτηρίου, Διδώ, 1909-2005
Άλλοι συγγραφείς: Σταυροπούλου, Έρη (Συγγραφέας εισαγωγής κ.λπ., edtf)
Μορφή: Βιβλίο
Γλώσσα:Greek
Δημοσίευση: Αθήνα : Real news ; Κέδρος ; c2014.
Θέματα:
Ετικέτες: Προσθήκη ετικέτας
Δεν υπάρχουν, Καταχωρήστε ετικέτα πρώτοι!

MARC

LEADER 00000cam a2200000 a 4500
001 1/109432
008 151207s2014####gr | ||| |||||||gre||
020 |a 9789600442564 
040 |a GR-MyUa  |b gre  |c GR-MyUa  |e AACR2 
041 0 |a gre 
082 7 |a 889.3   |2 (23) 
100 1 |a Σωτηρίου, Διδώ,   |d 1909-2005. 
245 1 2 |a Τα παιδιά του Σπάρτακου /   |c Διδώ Σωτηρίου ; πρόλογος, φιλολογική επιμέλεια: Έρη Σταυροπούλου.  
260 |a Αθήνα :   |b Real news ;   |b Κέδρος ;   |c c2014.  
300 |a 303, [1] σ.  |c 21 εκ.  
650 0 |a Greek fiction, Modern. 
700 1 |a Σταυροπούλου, Έρη,  |e aui  |e edtf 
852 |a INST  |b RHODES  |e 20190823  |h 889.3 ΣΩΤ  |p 005400041063  |q 005400041063  |t BK  |y 0 
852 |a INST  |b SAMOS  |e 20151207  |h 889.3 ΣΩΤ  |p 005300043041  |q 005300043041  |t BK  |y 0 
970 |a Γουβάλα  |b Βασιλική  |z 07-12-2015